000 00760nac a22002291u 4500
010 _a 97140818
020 _a0201403803
020 _a8178084252
035 _a(OCoLC)35917402
082 0 0 _a006.3
_bA243
090 _c445
_d445
100 _aAdriaans, Pieter.
245 1 0 _aData mining /
_cPieter Adriaans, Dolf Zantinge.
260 _aHarlow, England ;
_aReading, Mass. :
_bAddison-Wesley,
_c1996.
300 _axi, 158 p. :
_bill. ;
_c24 cm.
650 0 _aDatabase management.
650 0 _aData mining.
700 1 _aZantinge, Dolf.
710 2 _aSyllogic (Firm)
942 _cBB
_k006.3A243
999 _c445
_d445